Scary Movie Villians - Statistics

General Stats
  • This quiz has been taken 276 times
  • The average score is 11 of 15
Answer Stats
Question Answer % Correct
Halloween Michael Meyers
99%
Child's Play Chucky/Charles Lee Ray
98%
Texas Chainsaw Massacre Leatherface
96%
Nightmare on Elm street Freddy Krueger
95%
Saw Jigsaw
94%
Hellraiser Pinhead
92%
Jeepers Creepers The Creeper
89%
Terrifier Art The Clown
88%
The Shining Jack Torrance
80%
I know What You Did Last Summer The Fisherman
74%
Trick r Treat Sam
59%
Vampires Valek
57%
Children of the Corn Isaac
48%
The Hitcher John Ryder
46%
Willard The Tall Man
15%
No matching quizzes found
Score Distribution
Percent of People with Each Score
Percentile by Number Answered
Your Score History
You have not taken this quiz